Statistics for Monastery Vocabulary

Click here to take the quiz!

General Stats

  • This quiz has been taken 5 times
  • The average score is 5 of 22

Answer Stats

Hint Answer % Correct
Member of a religious order who has taken vows and might live in a monasteryMonk
100%
A female version of this, also known as a religious sisterNun
100%
Community of monks or nuns overseen by an abbot or abbessAbbey
50%
Canonical hour taking place around sunset, also known as Evening PrayerVesper
50%
Covered walk or open arcade that forms a courtyard inside itCloister
50%
Monk who leads the choirCantor
25%
Monk who reads lessons during a church serviceLector
25%
Canonical hour taking place around 2 A.M, also known as the vigilMatins
25%
Communal dining roomRefectory
25%
A brother member of a mendicant order such as the Franciscans or DominicansFriar
25%
Area for the housing and care of the sick, wounded, or dying, as well as travelers and pilgrimsHospice
25%
A document produced by hand which features decorations such as initials and illustrationsIllustrated manuscript
0%
Room in which monks meet to discuss businessChapter house
0%
Sleeping and residential quarters for most residentsDormitory
0%
Chapel in a monastery; the designated praying areaOratory
0%
Area in which books and documents are copied and producedScriptorium
0%
Monk tasked to oversee the preparation of foodKitchener
0%
Style of monasticism which emphasizes communal livingCenobitic
0%
Room or building with a communal fireplace, also known as a warming roomCalefactory
0%
Room for bathingBalneary
0%
Style of monasticism in which one lives as a hermitEremetic
0%
Monk entrusted with the general provisioning of a communityCellerer
0%

Score Distribution

Percentile by Number Answered

Percent of People with Each Score

Your Score History

You have not taken this quiz